000 00429nam a2200181Ia 4500
005 20250603144806.0
008 250603s9999 xx 000 0 und d
020 _a978-8125925316
050 _aLA 1151 .A4458/
100 _aAggarwal, J. C.
245 0 _aDevelopment and planning of modern education
260 _aNew Delhi
260 _bVikas
260 _c2009
300 _a602 p
650 _aNew Delhi
942 _cBK
999 _c39963
_d39963